000
00188nmm a2200085Ia 4500
008
220120s9999||||xx |||||||||||||||||und||
100
_a
Digit
245
0
_a
Fedora 24
260
_a
Nine dot Nine
999
_c
140011
_d
140011